[Event "Heusenstamm Sparkassen op-B 6th"]
[Site "Heusenstamm"]
[Date "2019.11.24"]
[Round "6"]
[White "Emrich, Franz"]
[Black "Kuchta, Maksim"]
[Result "0-1"]
[WhiteElo "1572"]
[BlackElo "1308"]
[PlyCount "98"]
[EventDate "2019.11.21"]
[EventType "swiss"]
[EventRounds "7"]
[EventCountry "GER"]
[SourceTitle "CBM 194 Extra"]
[Source "ChessBase"]
[SourceDate "2020.03.31"]
[SourceVersion "1"]
[SourceVersionDate "2020.03.31"]
[SourceQuality "1"]

1. d4 Nf6 2. c4 e6 3. Nf3 Bb4+ 4. Nc3 c5 5. a3 cxd4 6. Nxd4 Bxc3+ 7. bxc3 0-0 8. Bg5 Qa5 9. Bd2 Ne4 10. Qc2 Nxd2 11. Qxd2 b6 12. e4 Ba6 13. Bd3 Rc8 14. 0-0 Bxc4 15. Bxc4 Rxc4 16. Rfc1 d5 17. e5 Nc6 18. Qe3 Nxd4 19. cxd4 Rac8 20. Rxc4 Rxc4 21. h3 Qc3 22. Qe1 Qxe1+ 23. Rxe1 Rxd4 24. Rc1 Rc4 25. Rb1 Kf8 26. Kf1 Ke7 27. f3 f6 28. exf6+ gxf6 29. Kf2 e5 30. g4 Ke6 31. Rb3 h6 32. h4 f5 33. g5 Rxh4 34. g6 Kf6 35. Rc3 Rc4 36. Rd3 d4 37. f4 e4 38. Rg3 Kg7 39. Rg1 Rc2+ 40. Kg3 Kxg6 41. Kh3+ Kh7 42. a4 d3 43. Rd1 d2 44. Kg3 e3 45. Kf3 Rc1 46. Ke2 Rxd1 47. Kxd1 h5 48. Ke2 h4 49. a5 bxa5 0-1

[Event "Heusenstamm Sparkassen op-B 6th"]
[Site "Heusenstamm"]
[Date "2019.11.23"]
[Round "5"]
[White "De Boer, Alex"]
[Black "Emrich, Franz"]
[Result "1/2-1/2"]
[WhiteElo "1094"]
[BlackElo "1572"]
[PlyCount "74"]
[EventDate "2019.11.21"]
[EventType "swiss"]
[EventRounds "7"]
[EventCountry "GER"]
[SourceTitle "CBM 194 Extra"]
[Source "ChessBase"]
[SourceDate "2020.03.31"]
[SourceVersion "1"]
[SourceVersionDate "2020.03.31"]
[SourceQuality "1"]

1. e4 e6 2. d4 d5 3. exd5 exd5 4. Nf3 Nf6 5. Bg5 Be7 6. c4 Be6 7. Nc3 c6 8. cxd5 Nxd5 9. Bxe7 Qxe7 10. Be2 0-0 11. 0-0 Nf6 12. Re1 Qd8 13. Qc2 Nbd7 14. Bd3 h6 15. Ne5 Re8 16. Nc4 Nf8 17. Rad1 Qc7 18. b3 Ng4 19. Ne5 Nxe5 20. dxe5 Rad8 21. Nb5 Qb6 22. Nd6 Re7 23. Nc4 Qc7 24. Nd6 Red7 25. Qe2 Qa5 26. Rd2 a6 27. Red1 Qc7 28. Kh1 Kh8 29. Qf3 b5 30. Bf5 Kg8 31. Qf4 Qa5 32. Qf3 Bxf5 33. Qxf5 Ne6 34. h3 Qc7 35. Qg4 Kf8 36. Qh5 Kg8 37. Qg4 Kf8 1/2-1/2

[Event "Wiesbaden op 31st"]
[Site "Wiesbaden"]
[Date "2019.08.25"]
[Round "7"]
[White "Sitta, Stefan"]
[Black "Emrich, Franz"]
[Result "1/2-1/2"]
[WhiteElo "1613"]
[BlackElo "1439"]
[PlyCount "39"]
[EventDate "2019.08.22"]
[EventType "swiss"]
[EventRounds "7"]
[EventCountry "GER"]
[SourceTitle "EXT 2020"]
[Source "ChessBase"]
[SourceDate "2019.10.17"]
[SourceVersion "1"]
[SourceVersionDate "2019.10.17"]
[SourceQuality "1"]

1. e4 e6 2. d3 d5 3. Nd2 dxe4 4. dxe4 Nf6 5. Ngf3 Be7 6. Bd3 Bd7 7. 0-0 0-0 8. e5 Nd5 9. Ne4 h6 10. Ne1 f5 11. Ng3 Be8 12. Be2 Bg5 13. f4 Bh4 14. Nf3 Bxg3 15. hxg3 Nd7 16. Nd4 Qe7 17. Nf3 Bh5 18. Nh4 Bxe2 19. Qxe2 Qf7 20. c4 1/2-1/2

[Event "Wiesbaden op 31st"]
[Site "Wiesbaden"]
[Date "2019.08.24"]
[Round "5"]
[White "Baehrle, Julius"]
[Black "Emrich, Franz"]
[Result "0-1"]
[WhiteElo "1349"]
[BlackElo "1439"]
[PlyCount "58"]
[EventDate "2019.08.22"]
[EventType "swiss"]
[EventRounds "7"]
[EventCountry "GER"]
[SourceTitle "EXT 2020"]
[Source "ChessBase"]
[SourceDate "2019.10.17"]
[SourceVersion "1"]
[SourceVersionDate "2019.10.17"]
[SourceQuality "1"]

1. d4 Nf6 2. Bf4 g6 3. h3 Bg7 4. Nf3 0-0 5. e3 d6 6. Be2 Re8 7. 0-0 b6 8. c4 Bb7 9. b3 c5 10. Qc2 Nc6 11. a3 Nd7 12. Rd1 cxd4 13. exd4 e5 14. Be3 Rc8 15. Nc3 exd4 16. Bxd4 Nxd4 17. Nxd4 Ne5 18. Rac1 Qg5 19. g3 Nc6 20. Nf3 Qd8 21. Kg2 Nd4 22. Qa2 Nxe2 23. Nxe2 Qe7 24. Neg1 Qf6 25. Rb1 Re7 26. Re1 Rce8 27. Red1 Re2 28. Nxe2 Qxf3+ 29. Kh2 Qg2# 0-1

[Event "Wiesbaden op 31st"]
[Site "Wiesbaden"]
[Date "2019.08.24"]
[Round "4"]
[White "Emrich, Franz"]
[Black "Kehrein, Lothar"]
[Result "0-1"]
[WhiteElo "1439"]
[BlackElo "958"]
[PlyCount "124"]
[EventDate "2019.08.22"]
[EventType "swiss"]
[EventRounds "7"]
[EventCountry "GER"]
[SourceTitle "EXT 2020"]
[Source "ChessBase"]
[SourceDate "2019.10.17"]
[SourceVersion "1"]
[SourceVersionDate "2019.10.17"]
[SourceQuality "1"]

1. d4 d5 2. c4 dxc4 3. Nc3 Bg4 4. Nf3 e6 5. e3 Nf6 6. Bxc4 Bb4 7. Be2 0-0 8. 0-0 Nc6 9. h3 Bh5 10. a3 Be7 11. b4 a6 12. Bb2 Qd6 13. e4 Qd8 14. Rc1 Bxf3 15. Bxf3 Nxd4 16. e5 Nxf3+ 17. Qxf3 Nd5 18. Rfd1 c6 19. Ne4 Qc7 20. Qg4 Rad8 21. Nd6 Qd7 22. Rd3 f5 23. exf6 Bxf6 24. Bxf6 Nxf6 25. Qc4 Nd5 26. Ne4 Qf7 27. Rf3 Qg6 28. Rxf8+ Rxf8 29. Qe2 Nf4 30. Qf3 Nxh3+ 31. Qxh3 Qxe4 32. Rd1 Qe2 33. Rf1 Rf6 34. Qg3 Rh6 35. Qb8+ Kf7 36. Qxb7+ Kg6 37. Qxc6 Qe5 38. Qe8+ Kf5 39. Rc1 Qh2+ 40. Kf1 Qh1+ 41. Ke2 Qxc1 42. Qf7+ Ke5 43. Qxg7+ Rf6 44. Qg3+ Qf4 45. Qc3+ Kf5 46. f3 Qe5+ 47. Qe3 Qxe3+ 48. Kxe3 e5 49. a4 Rd6 50. b5 axb5 51. axb5 Rb6 52. g4+ Kg5 53. Kf2 Rxb5 54. Kg3 Rb3 55. Kf2 Kf4 56. g5 Rxf3+ 57. Kg2 Kg4 58. g6 hxg6 59. Kh2 Rf2+ 60. Kh1 Kf3 61. Kg1 Kg3 62. Kh1 Rf1# 0-1

[Event "Fischbach Landrat Cup"]
[Site "Fischbach"]
[Date "2000.04.07"]
[Round "5"]
[White "Emrich, Franz"]
[Black "Hoffmann, Jonas"]
[Result "0-1"]
[WhiteElo "1266"]
[BlackElo "1697"]
[PlyCount "48"]
[EventDate "2000.03.??"]
[EventType "swiss"]
[EventRounds "5"]
[EventCountry "GER"]
[SourceTitle "EXT 2006"]
[Source "ChessBase"]
[SourceDate "2005.11.24"]
[SourceVersion "1"]
[SourceVersionDate "2005.11.24"]
[SourceQuality "1"]

1. d4 f5 2. Bf4 d6 3. Nf3 g6 4. e3 Nf6 5. h3 Bg7 6. Nbd2 Nc6 7. c3 0-0 8. Ng5 e5 9. Qb3+ Kh8 10. dxe5 dxe5 11. Bh2 Nd5 12. Bc4 Na5 13. Qb5 c6 14. Qa4 Nxc4 15. Qxc4 Qxg5 16. Nf3 Qxg2 17. 0-0-0 Qxf3 18. Qc5 Qxf2 19. Bxe5 Qxe3+ 20. Qxe3 Nxe3 21. Rde1 Bxe5 22. Rxe3 Bf4 23. Rhe1 Re8 24. Kc2 Rxe3 0-1